| 000 | 00533nam a2200205Ia 4500 | ||
|---|---|---|---|
| 001 | 47840 | ||
| 008 | 140429s9999 xx 000 0 und d | ||
| 020 | _a034091338x | ||
| 040 | _cPK-LaUMT | ||
| 082 |
_aR 302.203 _bWAT-D |
||
| 100 | _aWatson, James | ||
| 245 |
_aDictionary of media and communication studies _cWatson, James<>Hill, Anne |
||
| 250 | _a7th | ||
| 260 |
_aNew York,USA: _bHodder Arnold, _c2006 |
||
| 300 | _a337 p. | ||
| 546 | _aEN | ||
| 650 | _aCommunication-dictionaries | ||
| 700 | _aHill, Anne | ||
| 942 | _cBK | ||
| 999 |
_c45721 _d45721 |
||